Памятные и знаменательные даты 2005 года: Наука, промышленность, политические деятели (июль-август); Библиотеки учебных заведений; № 14

Dades bibliogràfiques
Parent link:Библиотеки учебных заведений: научно-методический журнал.— , 2005
№ 14.— 2005.— С. 58-63
Idioma:rus
Publicat: 2005
Col·lecció:Пропаганда книги
Matèries:
Format: MixedMaterials Capítol de llibre
KOHA link:https://koha.lib.tpu.ru/cgi-bin/koha/opac-detail.pl?biblionumber=399115

MARC

LEADER 00000naa2a2200000 4500
001 399115
005 20231101065155.0
035 |a (RuTPU)RU\TPU\prd\40105 
035 |a RU\TPU\prd\40102 
090 |a 399115 
100 |a 20051205a2005 k y0rusy50 ca 
101 0 |a rus 
102 |a RU 
200 1 |a Памятные и знаменательные даты 2005 года  |e Наука, промышленность, политические деятели (июль-август) 
225 1 |a Пропаганда книги 
461 0 |0 (RuTPU)RU\TPU\prd\39949  |t Библиотеки учебных заведений  |o научно-методический журнал  |d 2005 
463 0 |0 (RuTPU)RU\TPU\prd\39951  |t № 14  |v С. 58-63  |d 2005 
610 1 |a календари 
610 1 |a памятные даты 
610 1 |a знаменательные даты 
610 1 |a праздники 
610 1 |a наука 
610 1 |a промышленность 
610 1 |a политические деятели 
801 1 |a RU  |b 63413507  |c 20051205  |g PSBO 
801 2 |a RU  |b 63413507  |c 20051205  |g PSBO 
942 |c BK